Loading...
Advanced organic chemistry
| Main Author: | |
|---|---|
| Format: | Printed Book |
| Published: |
New York
John Wiley
1992
|
| Edition: | 4th ed. |
| Subjects: |
| LEADER | 00492cam a2200157ua 4500 | ||
|---|---|---|---|
| 020 | |a 0-471-60180-2 | ||
| 082 | |a 547 |b MAR/A | ||
| 100 | 0 | |a March, Jerry | |
| 245 | 0 | 2 | |a Advanced organic chemistry |
| 250 | |a 4th ed. | ||
| 260 | |a New York |b John Wiley |c 1992 | ||
| 300 | |a xv, 1495p. | ||
| 650 | 0 | |a Chemistry- Organic | |
| 942 | |c BK | ||
| 999 | |c 9212 |d 9212 | ||
| 952 | |0 0 |1 0 |4 0 |6 547_000000000000000_MARA |7 0 |9 9606 |a KUCL |b KUCL |d 2014-05-23 |l 3 |m 2 |o 547 MAR/A. |p 02546 |q 2020-12-11 |r 2020-11-10 |s 2020-11-10 |w 2014-05-23 |y BK | ||